书目信息 |
| 题名: |
修正金融刑法适用研究
|
|
| 作者: | 胡启忠 , 石奎 著 | |
| 分册: | ||
| 出版信息: | 北京 法律出版社 2013 |
|
| 页数: | 10,386页 | |
| 开本: | 21cm | |
| 丛书名: | 西南财经大学法学院光华法学文丛 | |
| 单 册: | ||
| 中图分类: | D924.335 | |
| 科图分类: | ||
| 主题词: | 金融犯罪--刑事犯罪--法律适用--研究--中国 , 金融犯罪 , 刑事犯罪 , 法律适用 | |
| 电子资源: | ||
| ISBN: | 978-7-5118-4447-7 | |
| 000 | 01375oam2 2200313 450 | |
| 001 | 523 | |
| 005 | 20140908090424.29 | |
| 010 | @a978-7-5118-4447-7@dCNY35.00 | |
| 100 | @a20130522d2013 em y0chiy50 ea | |
| 101 | 0 | @achi |
| 102 | @aCN@b110000 | |
| 105 | @ay z 000yy | |
| 106 | @ar | |
| 200 | 1 | @a修正金融刑法适用研究@e立法·理论·实务@f胡启忠,石奎著 |
| 210 | @a北京@c法律出版社@d2013 | |
| 215 | @a10,386页@d21cm | |
| 225 | 2 | @a西南财经大学法学院光华法学文丛 |
| 300 | @a西南财经大学第三期“211”建设项目资助 | |
| 330 | @a我国刑法理论界将金融刑法独立出来进行研究始于上世纪九十年代,缘于金融犯罪概念的形成和1995年6月30日全国人大常委《关于惩治破坏金融秩序犯罪的决定》的出台。1997新刑法颁布后,刑法理论界对于金融刑法的研究热情日趋增长,研究成果日趋增长。在目前见到的研究金融刑法的著述中,及时与修正金融刑法同步研究的新成果并不太多。而且,这些新成果零星散落在各种期刊和著作之中。这让读者对于修正金融刑法难以全面、深入的了解和把握。本书专门就修正金融刑法进行研究,既有推动修正金融刑法全面、深入研究的初衷,也有方便读者阅读的愿望。 | |
| 410 | 0 | @12001 @a西南财经大学法学院光华法学文丛 |
| 606 | 0 | @a金融犯罪@x刑事犯罪@x法律适用@x研究@y中国 |
| 606 | 0 | @a金融犯罪 |
| 606 | 0 | @a刑事犯罪 |
| 606 | 0 | @a法律适用 |
| 690 | @aD924.335@v5 | |
| 701 | 0 | @a胡启忠@4著 |
| 701 | 0 | @a石奎@4著 |
| 801 | 0 | @aCN@bTANGWEI@c20140603 |
| 905 | @b0842753-55@dD924.335@e430@f3 | |
| 修正金融刑法适用研究:立法·理论·实务/胡启忠,石奎著.-北京:法律出版社,2013 |
| 10,386页;21cm.-(西南财经大学法学院光华法学文丛) |
| 西南财经大学第三期“211”建设项目资助 |
| ISBN 978-7-5118-4447-7:CNY35.00 |
| 我国刑法理论界将金融刑法独立出来进行研究始于上世纪九十年代,缘于金融犯罪概念的形成和1995年6月30日全国人大常委《关于惩治破坏金融秩序犯罪的决定》的出台。1997新刑法颁布后,刑法理论界对于金融刑法的研究热情日趋增长,研究成果日趋增长。在目前见到的研究金融刑法的著述中,及时与修正金融刑法同步研究的新成果并不太多。而且,这些新成果零星散落在各种期刊和著作之中。这让读者对于修正金融刑法难以全面、深入的了解和把握。本书专门就修正金融刑法进行研究,既有推动修正金融刑法全面、深入研究的初衷,也有方便读者阅读的愿望。 |
| ● |
| 相关链接 |
|
|
|
|
正题名:修正金融刑法适用研究
索取号:D924.335/430
 
预约/预借
| 序号 | 登录号 | 条形码 | 馆藏地/架位号 | 状态 | 备注 |
| 1 | 0842753 | 208427530 | 第一样本阅览室/ [索取号:D924.335/430] | 在馆 | |
| 2 | 0842754 | 208427549 | 第一借阅区/ [索取号:D924.335/430] | 在馆 | |
| 3 | 0842755 | 208427558 | 密集书库-史法系/ [索取号:D924.335/430] | 在馆 |